El legado de Henri Poincaré al siglo XX

Na minha lista:
Detalhes bibliográficos
Autor principal: Papp, Desiderio (autor)
Formato: Livro
Idioma:espanhol
Publicado em: Buenos Aires Losada 1944
Colecção:Biblioteca de Teoría e Historia de las Ciencias
Assuntos:
Tags: Adicionar Tag
Sem tags, seja o primeiro a adicionar uma tag!

MARC

LEADER 00000nam a2200000 a 4500
001 UCQ8249
003 CL-VaPUC
005 20230718074431.0
008 981209e19440000AG |||||||||||||||||spa|d
999 |c 277534  |d 277532 
040 |c Pontificia Universidad Católica de Valparaíso 
082 0 4 |a 510.92  |b PAP  |2 21 
100 |a Papp, Desiderio  |e autor  |9 535643 
245 1 3 |a El legado de Henri Poincaré al siglo XX 
260 |a Buenos Aires  |b Losada  |c 1944 
300 |a 185 p 
490 0 |a Biblioteca de Teoría e Historia de las Ciencias 
583 |a last modification  |c 19981209 00:00:00  |k Rodrigo Vera 
600 |a Poincaré, Henri   |d 1854-1912  |x Biografías  |9 880404 
650 7 |a MATEMATICOS  |2 CL-VaPUC  |9 266065 
650 0 |a Matemática  |9 260235 
650 0 |a Historia y crítica   |9 257407 
942 |c BK  |2 ddc 
945 |d 19981209 00:00:00  |a crobeson 
952 |0 0  |1 0  |4 0  |6 510_920000000000000_PAP_1944  |7 0  |8 A  |9 315525  |a BIBMAT  |b BIBMAT  |d 2019-11-20  |i 1300113  |o 510.92 PAP 1944  |p 1300113  |r 2025-01-07  |w 2019-11-20  |y BK  |k MAT 
952 |0 0  |1 0  |4 0  |6 510_920000000000000_PAP_1944  |7 0  |8 A  |9 315526  |a BIBCUR  |b BIBCUR  |d 2019-11-20  |i 4534360  |o 510.92 PAP 1944  |p 4534360  |r 2024-01-29  |w 2019-11-20  |y BK  |k FIS